Fortnite: Transformers Skins - Statistics

General Stats
  • This quiz has been taken 25 times
  • The average score is 4 of 5
Answer Stats
Picture Answer % Correct
Bumblebee
95%
Optimus Prime
95%
Megatron
90%
Optimus Primal
85%
Battlebus
80%
No matching quizzes found
Score Distribution
Percent of People with Each Score
Percentile by Number Answered
Your Score History
You have not taken this quiz